000 00194nam a2200085 4500
001 1258548
005 20260312185844.0
245 _aDOKUZA KADAR ON
_cÖZDEMİR ASAF
260 _bYAPI KREDİ YAYINLARI
999 _c1258548
_d1258548